00818cam a2200205 a 450000100100000000500170001000800410002704000330006808200170010110000320011824500560015026000950020630000260030150000350032760000510036265000370041391000340045095201130048499900150059700000213620200929145839.0750811s1960 mx a b 001 0bspa  aDO-SdBNPcNNCU-GdOCoLCdDLC aPR860bM433D1 aDíaz Soler, Luis M.9684610aRosendo Matienzo Cintrón /cLuis M. Díaz Soler. aMéxico :bInstituto de Literatura Puertorriqueña :bUniversidad de Puerto Rico,c1960. a2 v. :bil. ;c24 cm. aLa biblioteca posee el vol. 2.10aMATIENZO CINTRÓN, ROSENDO,d1855-1913.96847 4aLiteratura puertorriqueña9250 aCatalogación por copia / LC 001052708MOaGRbGRcCTd2009-09-21iLF1l0ov. 2p2136-10r2020-06-25w2020-06-25y2ZPréstamo interno c1988d1988